Makroekonomická nerovnováha a zdaňovanie príjmov právnických osôb v SR

Vybrané problémy zdaňovania právnických osôb. Zmeny v odpisovaní majetku. Dve percentá dane právnickej osoby na verejnoprospešné účely. Daň z úrokov z vkladov na vkladných knižkách a bankových účtoch fyzických osôb. Finančný lízing. Legislatívna úprava po 1. januári 2012 a po 1. marci 2012. Administ...

Full description

Saved in:
Bibliographic Details
Main Author: Kušnírová, Jana, 1977-
Format: Book Chapter
Language:Slovak
Subjects:
Tags: Add Tag
No Tags, Be the first to tag this record!

MARC

LEADER 00000naa$a2200000$$$4500
001 0152619
005 20240502072721.9
041 0 |a slo 
044 |a SK 
245 1 0 |a Makroekonomická nerovnováha a zdaňovanie príjmov právnických osôb v SR  |c Jana Kušnírová 
520 |a Vybrané problémy zdaňovania právnických osôb. Zmeny v odpisovaní majetku. Dve percentá dane právnickej osoby na verejnoprospešné účely. Daň z úrokov z vkladov na vkladných knižkách a bankových účtoch fyzických osôb. Finančný lízing. Legislatívna úprava po 1. januári 2012 a po 1. marci 2012. Administratívne zmeny. 
610 2 0 |a dane z príjmov 
610 2 0 |a zdaňovanie 
610 2 0 |a daňovníci 
610 2 0 |a osoby právnické 
610 2 0 |a osoby fyzické 
610 2 0 |a odpisy daňové 
610 2 0 |a lízing finančný 
610 2 0 |a legislatíva 
610 2 0 |a novelizácia 
100 1 |a Kušnírová, Jana, 1977-